Statistics for World Capitals - One Minute Sprint

Click here to take the quiz!

General Stats

  • This quiz has been taken 61,341 times
    (61,233 since last reset)
  • The average score is 20 of 196

Answer Stats

Country Capital City % Correct
FranceParis
76%
United KingdomLondon
68%
GermanyBerlin
59%
United StatesWashington D.C.
57%
ItalyRome
53%
SpainMadrid
43%
AustriaVienna
41%
BrazilBrasília
41%
BelgiumBrussels
39%
RussiaMoscow
39%
ChinaBeijing
39%
JapanTokyo
37%
NorwayOslo
37%
IrelandDublin
37%
CanadaOttawa
35%
GreeceAthens
33%
FinlandHelsinki
33%
ArgentinaBuenos Aires
32%
PortugalLisbon
31%
AlbaniaTirana
31%
DenmarkCopenhagen
30%
MexicoMexico City
30%
PeruLima
30%
CzechiaPrague
28%
BelarusMinsk
28%
SwedenStockholm
26%
AustraliaCanberra
26%
BulgariaSofia
25%
ChileSantiago
24%
EstoniaTallinn
23%
CroatiaZagreb
22%
NetherlandsAmsterdam
22%
IndiaNew Delhi
22%
HungaryBudapest
21%
SwitzerlandBern
21%
LatviaRiga
21%
ColombiaBogotá
21%
AndorraAndorra
la Vella
20%
AfghanistanKabul
20%
BoliviaLa Paz or Sucre
20%
EcuadorQuito
18%
Bosnia & HerzegovinaSarajevo
18%
PolandWarsaw
18%
UkraineKiev
17%
South KoreaSeoul
17%
EgyptCairo
16%
VenezuelaCaracas
15%
IcelandReykjavík
13%
New ZealandWellington
13%
UruguayMontevideo
12%
Vatican CityVatican City
12%
RomaniaBucharest
12%
AzerbaijanBaku
12%
IranTehran
12%
LithuaniaVilnius
11%
IndonesiaJakarta
11%
MonacoMonaco
11%
TurkeyAnkara
11%
BangladeshDhaka
11%
LuxembourgLuxembourg
10%
IraqBaghdad
10%
SerbiaBelgrade
9%
LiechtensteinVaduz
9%
ParaguayAsunción
9%
PanamaPanama City
9%
South AfricaPretoria, Cape Town
or Bloemfontein
9%
ThailandBangkok
9%
ArmeniaYerevan
9%
East TimorDili
8%
MaltaValletta
8%
PhilippinesManila
8%
CubaHavana
8%
IsraelJerusalem
8%
BahrainManama
7%
VietnamHanoi
7%
KosovoPristina
7%
AlgeriaAlgiers
7%
SingaporeSingapore
7%
QatarDoha
7%
San MarinoSan Marino
7%
PakistanIslamabad
6%
North MacedoniaSkopje
6%
GuatemalaGuatemala City
6%
North KoreaPyongyang
6%
CyprusNicosia
6%
Saudi ArabiaRiyadh
6%
GuyanaGeorgetown
6%
TunisiaTunis
6%
SlovakiaBratislava
5%
JamaicaKingston
5%
TogoLomé
5%
BhutanThimphu
5%
SenegalDakar
5%
FijiSuva
5%
TaiwanTaipei
5%
MoroccoRabat
5%
SurinameParamaribo
5%
GeorgiaTbilisi
5%
YemenSana'a
4%
MaldivesMalé
4%
MalaysiaKuala Lumpur
4%
JordanAmman
4%
SamoaApia
4%
LebanonBeirut
4%
United Arab EmiratesAbu Dhabi
4%
KuwaitKuwait City
4%
KazakhstanNur-Sultan
4%
Costa RicaSan José
4%
OmanMuscat
3%
South SudanJuba
3%
SloveniaLjubljana
3%
NigeriaAbuja
3%
NicaraguaManagua
3%
MontenegroPodgorica
3%
St. Vincent & the GrenadinesKingstown
3%
SyriaDamascus
3%
LibyaTripoli
3%
MoldovaChișinău
3%
AngolaLuanda
3%
BahamasNassau
3%
El SalvadorSan Salvador
3%
GhanaAccra
3%
CambodiaPhnom Penh
3%
BruneiBandar Seri
Begawan
3%
KenyaNairobi
3%
MongoliaUlaanbaatar
2%
LaosVientiane
2%
DjiboutiDjibouti
2%
Congo (Dem. Rep.)Kinshasa
2%
Dominican RepublicSanto Domingo
2%
Cape VerdePraia
2%
EthiopiaAddis Ababa
2%
HaitiPort-au-Prince
2%
HondurasTegucigalpa
2%
Sri LankaSri
Jayawardenepura
Kotte
2%
ZambiaLusaka
2%
NauruYaren
2%
NepalKathmandu
2%
Antigua & BarbudaSaint John's
2%
BarbadosBridgetown
2%
BelizeBelmopan
2%
UzbekistanTashkent
1%
SudanKhartoum
1%
EswatiniMbabane
1%
ComorosMoroni
1%
ChadN'Djamena
1%
Central African RepublicBangui
1%
VanuatuPort Vila
1%
TuvaluFunafuti
1%
UgandaKampala
1%
TanzaniaDodoma
1%
CameroonYaoundé
1%
BeninPorto-Novo or
Cotonou
1%
TongaNukuʻalofa
1%
Trinidad & TobagoPort-of-Spain
1%
BurundiGitega
1%
BotswanaGaborone
1%
Congo (Rep.)Brazzaville
1%
Burkina FasoOuagadougou
1%
MyanmarNaypyidaw
1%
TurkmenistanAshgabat
1%
TajikistanDushanbe
1%
SomaliaMogadishu
1%
St. LuciaCastries
1%
KyrgyzstanBishkek
1%
MozambiqueMaputo
1%
NamibiaWindhoek
1%
Micronesia (Fed. States)Palikir
1%
MauritiusPort Louis
1%
NigerNiamey
1%
Marshall IslandsMajuro
1%
MaliBamako
1%
MalawiLilongwe
1%
MadagascarAntananarivo
1%
LiberiaMonrovia
1%
PalauNgerulmud
1%
LesothoMaseru
1%
Papua New GuineaPort Moresby
1%
KiribatiSouth Tarawa
1%
St. Kitts & NevisBasseterre
1%
Guinea-BissauBissau
1%
DominicaRoseau
1%
Solomon IslandsHoniara
1%
Equatorial GuineaMalabo
1%
EritreaAsmara
1%
Sierra LeoneFreetown
1%
SeychellesVictoria
1%
GabonLibreville
1%
GambiaBanjul
1%
São Tomé and PríncipeSão Tomé
1%
GrenadaSaint George's
1%
RwandaKigali
1%
GuineaConakry
1%
ZimbabweHarare
1%
MauritaniaNouakchott
0%
Ivory CoastYamoussoukro
0%

Score Distribution

Percentile by Number Answered

Percent of People with Each Score

Your Score History

You have not taken this quiz since the last reset